Lízingové financovanie

Pojem a podstata lízingu. Partneri v lízingovom vzťahu - prenajímateľ, nájomca, dodávateľ. Právna úprava lízingu na Slovensku. Lízing podľa IAS/IFRS. Účtovanie finančného prenájmu. Výhody a nevýhody lízingu.

Saved in:
Bibliographic Details
Main Author: Feranec, Branislav
Other Authors: Slivková, Adela, 1986-
Format: Book Chapter
Language:Slovak
Subjects:
Tags: Add Tag
No Tags, Be the first to tag this record!

MARC

LEADER 00000nla$a2200000$$$4500
001 0143005
005 20240502072550.3
041 0 |a slo 
044 |a SK 
245 1 0 |a Lízingové financovanie  |c Branislav Feranec, Adela Slivková 
520 |a Pojem a podstata lízingu. Partneri v lízingovom vzťahu - prenajímateľ, nájomca, dodávateľ. Právna úprava lízingu na Slovensku. Lízing podľa IAS/IFRS. Účtovanie finančného prenájmu. Výhody a nevýhody lízingu. 
610 2 0 |a lízing 
610 2 0 |a lízing finančný 
610 2 0 |a úpravy právne 
610 2 0 |a Slovensko 
610 2 0 |a IFRS 
100 1 |a Feranec, Branislav 
700 1 |a Slivková, Adela, 1986-